00000000nam##2200000za#4500
0019.572695
003CaOODSP
00520210624183336
007cr |||||||||||
008150406|2001||||xxc|||||o    f|0| 0 eng|d
040 |aCaOODSP|beng
043 |an-cn---
0861 |aH113-6/2001-3E-PDF
1101 |aCanada. |bPest Management Regulatory Agency.
24510|aPrimisulfuron-methyl |h[electronic resource]
260 |aOttawa - Ontario : |bHealth Canada. |cAugust 17, 2001.
300 |a5p.
4901 |aRegulatory decision document |vRDD2001-03
500 |a"This decision document outlines this stage of the PMRA's regulatory decision-making process concerning the use of primisulfuron-methyl (Beacon 75 WG) for control of quackgrass and specific broadleaf weeds in field corn."--Introduction.
5203 |aThis decision document outlines this stage of the PMRA's regulatory decision-making process concerning the use of primisulfuron-methyl (Beacon 75 WG) for control of quackgrass and specific broadleaf weeds in field corn.--Introduction
590 |a12-08-Supp|b2012-03-16
69007|aHerbicides|2gcpds
69007|aWeeds|2gcpds
77508|tPrimisulfuron-méthyl |w(CaOODSP)9.603024
7760#|tPrimisulfuron-methyl |w(CaOODSP)9.615776
830#0|aRegulatory decision document ;|vRDD2001-03|w(CaOODSP)9.504461
85640|ahttp://publications.gc.ca|qPDF|s120 KB|uhttps://publications.gc.ca/collections/Collection/H113-6-2001-3E.pdf|yRDD2001-03